| 000 | 00459nam a2200193Ia 4500 | ||
|---|---|---|---|
| 008 | 180523s9999 xx 000 0 und d | ||
| 020 | _a81-7224-061-9 | ||
| 050 | _aMAIN BF 637.N4 | ||
| 050 | _b.C64 2004 | ||
| 100 | _aCohen, Herb. | ||
| 245 | 0 | _aYou can negotiate anything / | |
| 245 | 0 | _cHerb Cohen. | |
| 260 | _aMumbai : | ||
| 260 | _bJaico Publishing, | ||
| 260 | _c2004 | ||
| 300 | _a255 pages : | ||
| 300 | _c22 cm. | ||
| 650 | _aNegotiation. | ||
| 999 |
_c356522 _d356522 |
||